Statystyki dla Wiedza ogólna rozpoznaj piłkarza po zdjęciu

Kliknij tutaj aby rozwiązać quiz!

Ogólne statystyki

  • Ten quiz został rozwiązany 53 razy
  • Średni wynik to 35 z 50

Statystyki odpowiedzi

Odpowiedź% Poprawnych
Robert Lewandowski
95%
Zinédine Zidane
95%
Cristiano Ronaldo
93%
Diego Maradona
93%
Lionel Messi
93%
Wojciech Szczęsny
93%
Pelé
90%
Ronaldinho
90%
Kylian Mbappe
88%
Neymar Jr
88%
Xavi
88%
Andres Iniesta
85%
David Beckham
85%
Luís Figo
85%
Didier Drogba
83%
Petr Cech
83%
Frank Lampard
80%
Kaká
78%
Mario Balotelli
78%
Paulo Maldini
78%
Roberto Carlos
78%
Samuel Eto'o
78%
Zbigniew Boniek
78%
Andrea Pirlo
76%
Edwin Van Der Sar
76%
Paul Scholes
76%
Marcos Cafú
73%
Pavel Nedvěd
73%
Steven Gerrard
73%
Gerd Müller
71%
Rivaldo
71%
Robin Van Persie
71%
Ronaldo Nazario
71%
Javier Zanetti
68%
Oliver Kahn
66%
Franz Beckenbauer
63%
Alessandro Nesta
61%
Roberto Baggio
61%
Dida
54%
Johan Cruijff
51%
Adriano
49%
Andriy Shevchenko
46%
David Trezeguet
46%
Jay-Jay Okocha
41%
Patrick Vieira
41%
Edgar Davids
39%
Thierry Henry
37%
Fabien Barthez
32%
Kazimierz Deyna
32%
David Ginola
17%

Rozkład punktacji

Percentyl według liczby udzielonych odpowiedzi

Procent ludzi z każdym wynikiem

Twoja historia wyników

Nie rozwiązałeś tego quizu